Population Ageing and Its Implications on Health-care System

Starnutie populácie a neprenosné choroby (stres, nedostatok pohybu, fajčenie,...). Teórie vývoja nákladov na zdravotnú starostlivosť. Koncept zvýšenia produktivity a trvania produktívneho veku. Budúce výzvy v systéme zdravotnej starostlivosti. Proporcionalita a ekvivalencia. Migrácia dôsledkov starn...

Descripción completa

Guardado en:
Detalles Bibliográficos
Autor principal: Valačai, Peter, 1989-
Formato: Capítulo de libro
Lenguaje:inglés
Materias:
Etiquetas: Agregar Etiqueta
Sin Etiquetas, Sea el primero en etiquetar este registro!

MARC

LEADER 00000nla a2200000 4500
001 0214136
005 20240502073559.6
041 0 |a eng 
044 |a SK 
245 1 0 |a Population Ageing and Its Implications on Health-care System  |c Peter Valačai 
520 |a Starnutie populácie a neprenosné choroby (stres, nedostatok pohybu, fajčenie,...). Teórie vývoja nákladov na zdravotnú starostlivosť. Koncept zvýšenia produktivity a trvania produktívneho veku. Budúce výzvy v systéme zdravotnej starostlivosti. Proporcionalita a ekvivalencia. Migrácia dôsledkov starnutia populácie do hospodárskych výsledkov ekonomiky. 
610 2 0 |a starnutie populácie 
610 2 0 |a demografia 
610 2 0 |a starostlivosť zdravotná 
100 1 |a Valačai, Peter, 1989-